000 00895nam a2200289 i 4500
001 000039395
003 DO-SdBNP
005 20240530073921.0
007 ta
008 130625s2013 dr r 000 f spa d
020 _a9789945165562
040 _aDO-SdBNP
_bspa
_cBNPHU
_erda
082 4 _aRD863.44
_bP977d
_222
100 1 _aPuello, Ana,
_d1964-
_965604
_eautor
245 1 3 _aEl descuido de Dios /
_cAna Puello.
264 _aSanto Domingo :
_bBúho,
_c2013.
300 _a143 páginas ;
_c23 cm.
336 _2rdacontent
_atexto
_btxt
337 _2rdamedia
_asin mediación
_bn
338 _2rdacarrier
_avolumen
_bnc
500 _aIncluye datos biográficos de la autora en la solapa de la cubierta
590 _aInventariado, 2018/BT
650 0 _aNovela dominicana
_9223
650 0 _aLiteratura dominicana.
_967
910 _aValidado. Control de calidad. MFF
942 _2ddc
_cLBS1
999 _c38885
_d38885